[Event "ICS rated blitz match"]
[Site "204.178.125.65"]
[Date "1999.11.30"]
[Round "?"]
[White "Hossa"]
[Black "Zippy"]
[Result "0-1"]
[WhiteElo "2459"]
[BlackElo "2383"]
[PlyCount "152"]
[EventDate "1999.??.??"]

1. e4 e5 2. Nf3 Nc6 3. Bb5 a6 4. Ba4 Nf6 5. O-O Be7 6. Bxc6 dxc6 7. d3 Qd6 8.
Nbd2 Be6 9. b3 O-O 10. Nc4 Bxc4 11. bxc4 b5 12. Bb2 Nd7 13. d4 exd4 14. Qxd4
Bf6 15. e5 Qxd4 16. Bxd4 Be7 17. Rfd1 Rad8 18. Rab1 c5 19. Bc3 b4 20. Ba1 Nb6
21. Nd2 Rd7 22. Kf1 Rfd8 23. Ke2 c6 24. f4 a5 25. f5 h6 26. f6 gxf6 27. exf6
Bd6 28. g3 Re8+ 29. Kf2 Bc7 30. Nb3 Rxd1 31. Rxd1 Nxc4 32. Nxc5 Bb6 33. Bd4 Rd8
34. Ke2 Rd5 35. Nb3 a4 36. Bxb6 Rxd1 37. Kxd1 axb3 38. Bd4 bxa2 39. Ke2 Kh7 40.
g4 Kg6 41. Kd3 Na3 42. Kd2 Kg5 43. Ba1 Kxg4 44. Kd3 c5 45. Kd2 Nc4+ 46. Kd3 Nd6
47. c3 b3 48. c4 Nf5 49. Kc3 Nd4 50. Bb2 Kh3 51. Ba1 Kxh2 52. Bb2 Kg3 53. Kd3
h5 54. Ke4 h4 55. Kd5 Ne6 56. Kd6 h3 57. Ke7 h2 58. Kxf7 Nf4 59. Kg8 h1=Q 60.
f7 Ne6 61. f8=Q Nxf8 62. Be5+ Kg2 63. Kxf8 a1=Q 64. Bxa1 Qh6+ 65. Ke7 Qf4 66.
Bb2 Qxc4 67. Kd6 Kf1 68. Kc7 Ke1 69. Be5 Qd4 70. Bg3+ Ke2 71. Kc6 b2 72. Bc7
b1=Q 73. Ba5 Qbe4+ 74. Kc7 Qg7+ 75. Kb6 Qgb7+ 76. Kxc5 76... Qbc6# {
Hossa checkmated} 0-1

[Event "ICS rated blitz match"]
[Site "204.178.125.65"]
[Date "1999.11.30"]
[Round "?"]
[White "MissSilicon"]
[Black "Hossa"]
[Result "1-0"]
[WhiteElo "2682"]
[BlackElo "2440"]
[PlyCount "81"]
[EventDate "1999.??.??"]

1. Nf3 c5 2. Nc3 Nc6 3. e4 d6 4. d4 cxd4 5. Nxd4 e6 6. Bb5 Bd7 7. O-O Be7 8.
Nxc6 bxc6 9. Ba6 Nf6 10. Be3 O-O 11. f4 Qa5 12. Be2 Rfb8 13. Rb1 d5 14. e5 Ne8
15. a3 Bxa3 16. Ra1 Rxb2 17. Qd3 c5 18. Nd1 c4 19. Qxa3 Qxa3 20. Rxa3 Rxc2 21.
Nc3 f6 22. Rb1 fxe5 23. fxe5 Bc6 24. Bd1 Rxc3 25. Rxc3 Nc7 26. Bg4 Kf7 27. Rf1+
Kg6 28. Bd2 h5 29. Bd1 Kh7 30. Bxh5 Be8 31. Bg4 a5 32. Rf8 g5 33. Rh3+ Kg7 34.
Rhh8 Bc6 35. Rc8 c3 36. Bxg5 Rxc8 37. Rxc8 Nb5 38. Bh5 Kh7 39. Bf6 Be8 40. Rxe8
d4 41. Rh8# {Hossa checkmated} 1-0

[Event "ICS rated standard match"]
[Site "204.178.125.65"]
[Date "1999.11.30"]
[Round "?"]
[White "Moron"]
[Black "Hossa"]
[Result "1-0"]
[WhiteElo "2620"]
[BlackElo "2193"]
[PlyCount "123"]
[EventDate "1999.??.??"]

1. e4 e5 2. Nf3 Nc6 3. Bb5 a6 4. Ba4 Nf6 5. O-O Be7 6. Re1 b5 7. Bb3 d6 8. c3
O-O 9. h3 Na5 10. Bc2 c5 11. d4 Qc7 12. Nbd2 Nc6 13. dxc5 dxc5 14. Nf1 Rd8 15.
Qe2 b4 16. Ne3 Rb8 17. Nd5 Qd6 18. Rd1 bxc3 19. bxc3 Nd7 20. Ba4 Na7 21. Be3
Nb5 22. Rab1 Bb7 23. Rb3 f6 24. Nh4 Bf8 25. Qg4 Kh8 26. Nf4 Qxd1+ 27. Qxd1 exf4
28. Bxb5 axb5 29. Bxf4 Rbc8 30. Nf3 Ne5 31. Nd2 Nd3 32. Qf3 Bc6 33. c4 bxc4 34.
Nxc4 Nxf4 35. Qxf4 Rd1+ 36. Kh2 Rd4 37. f3 Bxe4 38. fxe4 Kg8 39. Qf3 Rxc4 40.
Qf5 Bd6+ 41. Kg1 Rc1+ 42. Kf2 Re8 43. Qd7 Rxe4 44. Qd8+ Kf7 45. Qxd6 Rc2+ 46.
Kf3 Rd4 47. Rb7+ Kg6 48. Qf8 Rc3+ 49. Kf2 Kf5 50. Qc8+ Kg6 51. g4 Rd2+ 52. Ke1
Rd5 53. Qg8 Kg5 54. Qxg7+ Kf4 55. Qxf6+ Ke4 56. Qxc3 Re5 57. Kf2 Rf5+ 58. gxf5
Kf4 59. Rf7 Ke4 60. Qc4+ Ke5 61. Ke3 h5 62. Qxc5# {Hossa checkmated} 1-0

[Event "ICS rated blitz match"]
[Site "204.178.125.65"]
[Date "1999.11.30"]
[Round "?"]
[White "PostModernist"]
[Black "Hossa"]
[Result "0-1"]
[WhiteElo "2526"]
[BlackElo "2431"]
[PlyCount "154"]
[EventDate "1999.??.??"]

1. d4 Nf6 2. c4 c5 3. d5 b5 4. cxb5 a6 5. bxa6 Bxa6 6. Nc3 d6 7. f4 e6 8. dxe6
fxe6 9. e4 Bxf1 10. Kxf1 d5 11. e5 Nfd7 12. Qg4 Ra6 13. Nf3 g6 14. Ng5 Qb6 15.
Qh4 Be7 16. Qh6 Bxg5 17. Qxg5 O-O 18. h3 Nc6 19. Kg1 Nb4 20. Qe7 Nc2 21. Rb1
Qc6 22. f5 Rxf5 23. Bh6 Rf7 24. Qe8+ Nf8 25. Qxc6 Rxc6 26. Nb5 Rf5 27. Rc1 Nb4
28. a3 Nd3 29. Nd4 Nxc1 30. Nxc6 Ne2+ 31. Kh2 Rf7 32. Nd8 Re7 33. Rf1 Nd7 34.
Nc6 Re8 35. Be3 d4 36. Bh6 c4 37. g4 d3 38. Rf3 g5 39. Rf1 Nf4 40. Bxg5 Ng6 41.
Bf6 Ra8 42. Rc1 Rc8 43. Nd4 Rb8 44. Rb1 d2 45. b4 Nxf6 46. exf6 Rd8 47. Nb5
d1=Q 48. Rxd1 Rxd1 49. a4 Rd2+ 50. Kg1 Nf4 51. h4 Rg2+ 52. Kf1 Rxg4 53. a5 Nd3
54. a6 Rxh4 55. a7 Rh1+ 56. Ke2 Ra1 57. Ke3 Nxb4 58. Kd4 Nc6+ 59. Kxc4 Nxa7 60.
Nd6 Rf1 61. Ne4 Kf7 62. Kc3 Re1 63. Kd3 e5 64. Ng5+ Kxf6 65. Nxh7+ Kf5 66. Kc2
Rg1 67. Nf8 Rg7 68. Kd3 Rf7 69. Ke2 Rxf8 70. Ke3 Rd8 71. Ke2 Kf4 72. Kf2 Rd2+
73. Ke1 Ke3 74. Kf1 Kf3 75. Kg1 e4 76. Kh1 Kg3 77. Kg1 77... Rd1# {
PostModernist checkmated} 0-1

[Event "ICS rated blitz match"]
[Site "204.178.125.65"]
[Date "1999.11.30"]
[Round "?"]
[White "Hossa"]
[Black "PostModernist"]
[Result "0-1"]
[WhiteElo "2451"]
[BlackElo "2506"]
[PlyCount "148"]
[EventDate "1999.??.??"]

1. e4 c5 2. Nf3 d6 3. d4 Nf6 4. Nc3 cxd4 5. Qxd4 a6 6. Be2 Nc6 7. Qd3 e6 8. O-O
Be7 9. Rd1 O-O 10. Bf4 Qb6 11. Rab1 Ng4 12. Nd4 e5 13. Bxg4 Bxg4 14. Nxc6 Qxc6
15. f3 Be6 16. Be3 Rfc8 17. Rbc1 f6 18. Nd5 Bxd5 19. Qxd5+ Qxd5 20. Rxd5 b5 21.
c3 Kf7 22. Kf2 h5 23. Rcd1 g6 24. Kg3 Rc4 25. R1d3 Ra4 26. a3 f5 27. exf5 gxf5
28. Kf2 Rg8 29. Bb6 Rc4 30. b3 Rc6 31. Ba5 f4 32. Bb4 Rg6 33. Rd1 h4 34. R1d2
Rh6 35. R2d3 h3 36. gxh3 Rxh3 37. Kg2 Rh6 38. Rd2 Rg6+ 39. Kf2 Rc8 40. Kf1 Rcg8
41. Ke2 Rg2+ 42. Kd1 Ke6 43. a4 Rxd2+ 44. Rxd2 Rg1+ 45. Ke2 Rh1 46. Kd3 Ra1 47.
axb5 axb5 48. Rf2 Bh4 49. Rg2 Rf1 50. Ke2 Re1+ 51. Kd2 Re3 52. Rg6+ Bf6 53.
Bxd6 Rxf3 54. h4 e4 55. Bb4 Rd3+ 56. Kc2 f3 57. Rg1 Bxh4 58. Rg6+ Kf5 59. Rg1
Re3 60. Rf1 Re2+ 61. Kc1 f2 62. c4 Bg5+ 63. Kb1 Bf6 64. cxb5 Rb2+ 65. Kc1 Ra2
66. Be1 e3 67. Bxf2 exf2 68. b6 Ra1+ 69. Kc2 Rxf1 70. Kd3 Rd1+ 71. Kc4 f1=Q+
72. Kb4 Be7+ 73. Kc3 Qe1+ 74. Kc4 74... Qb4# {Hossa checkmated} 0-1

[Event "ICS rated blitz match"]
[Site "204.178.125.65"]
[Date "1999.11.30"]
[Round "?"]
[White "PostModernist"]
[Black "Hossa"]
[Result "0-1"]
[WhiteElo "2519"]
[BlackElo "2438"]
[PlyCount "134"]
[EventDate "1999.??.??"]

1. e4 e5 2. f4 exf4 3. Nf3 d5 4. exd5 Nf6 5. c4 Bd6 6. d4 O-O 7. Be2 Re8 8. O-O
Bg4 9. Nc3 c5 10. Nb5 Na6 11. b3 Ne4 12. Bb2 Bb8 13. Re1 Nc7 14. dxc5 Nxb5 15.
cxb5 f6 16. d6 Nxc5 17. Qd5+ Ne6 18. Nd4 Qxd6 19. Qxd6 Bxd6 20. Bxg4 Nc7 21.
Rxe8+ Rxe8 22. Rc1 Be5 23. a4 b6 24. Nf3 Bd6 25. Bd4 Kf7 26. Nd2 Re7 27. Nc4
Bb4 28. Rf1 g5 29. Rd1 Kg6 30. Bf3 h5 31. h3 Ne6 32. Bb2 Nc5 33. Rd8 Nxb3 34.
Rh8 h4 35. Kh2 Be1 36. Kh1 Bf2 37. Bc3 Bd4 38. Bb4 Bc5 39. Bd1 Bxb4 40. Bc2+ f5
41. Bxb3 Re1+ 42. Kh2 Bc5 43. Ne5+ Rxe5 44. Rc8 Re1 45. Rc6+ Kg7 46. Rc7+ Kf6
47. Rc6+ Ke7 48. Rc7+ Kd8 49. Rxc5 bxc5 50. a5 Kc7 51. Bf7 Ra1 52. a6 Kb6 53.
Be8 c4 54. Bd7 c3 55. Bxf5 Ra2 56. Kh1 c2 57. Bxc2 Rxc2 58. Kg1 Kxb5 59. Kf1
Kxa6 60. Kg1 Kb5 61. Kf1 a5 62. Ke1 a4 63. Kd1 Rxg2 64. Ke1 a3 65. Kf1 f3 66.
Ke1 a2 67. Kd1 67... a1=Q# {PostModernist checkmated} 0-1

[Event "ICS rated blitz match"]
[Site "204.178.125.65"]
[Date "1999.11.30"]
[Round "?"]
[White "Hossa"]
[Black "PostModernist"]
[Result "1/2-1/2"]
[WhiteElo "2458"]
[BlackElo "2499"]
[PlyCount "105"]
[EventDate "1999.??.??"]

1. e4 g6 2. d4 d6 3. c4 e5 4. dxe5 dxe5 5. Qxd8+ Kxd8 6. Nf3 Bg7 7. Bd3 Bg4 8.
Nc3 Bxf3 9. gxf3 Nc6 10. Be3 Nd4 11. O-O-O Nxf3 12. Bf1+ Nd4 13. Nb5 Kc8 14.
Nxd4 exd4 15. Bxd4 Bxd4 16. Rxd4 Ne7 17. Bh3+ Kb8 18. Rhd1 Nc6 19. Rd7 Rf8 20.
f4 a5 21. Bg2 Ra6 22. Kb1 h6 23. h4 a4 24. e5 g5 25. Bxc6 Rxc6 26. hxg5 hxg5
27. fxg5 Rxc4 28. Rf1 Re8 29. Rf5 Rc5 30. Rdxf7 Re6 31. a3 b5 32. Ka2 Kb7 33.
Rd7 Rexe5 34. Rxe5 Rxe5 35. g6 Rg5 36. g7 Kc6 37. Rf7 Kd6 38. Kb1 Rg2 39. Ka1
c6 40. Rb7 Rg1+ 41. Ka2 Rg5 42. Ra7 Rg3 43. Rf7 Rg4 44. Kb1 Rg1+ 45. Kc2 Rg3
46. Kd2 Ke6 47. Rc7 Kd6 48. Rb7 Ke5 49. Rf7 Ke6 50. Rc7 Kd6 51. Rb7 Ke5 52. Rf7
Ke6 53. Rc7 {Game drawn by repetition} 1/2-1/2

[Event "ICS rated blitz match"]
[Site "204.178.125.65"]
[Date "1999.11.30"]
[Round "?"]
[White "PostModernist"]
[Black "Hossa"]
[Result "1/2-1/2"]
[WhiteElo "2497"]
[BlackElo "2460"]
[PlyCount "120"]
[EventDate "1999.??.??"]

1. e4 e5 2. Nf3 Nc6 3. Bb5 a6 4. Ba4 Nf6 5. d3 b5 6. Bb3 Bc5 7. Qe2 d6 8. c3
O-O 9. O-O Bg4 10. Be3 Qe7 11. Bxc5 dxc5 12. Bd5 Bxf3 13. Qxf3 Qd6 14. Bxc6
Qxc6 15. Nd2 Rad8 16. Rfd1 Rd7 17. a4 Rfd8 18. axb5 axb5 19. Nb3 c4 20. dxc4
bxc4 21. Na5 Qa4 22. Rdb1 Qb5 23. Qf5 Rd2 24. h3 Rxb2 25. Rd1 Re8 26. h4 Qc5
27. Ra4 Re2 28. Qf3 Rxe4 29. Nb7 Qb6 30. Rb4 Rf4 31. Qxf4 exf4 32. Rxb6 cxb6
33. Nd6 Rd8 34. Rd4 b5 35. Nxb5 Rxd4 36. Nxd4 Nd5 37. Nb5 Kf8 38. Nd6 Nxc3 39.
Nxc4 Ke7 40. Kf1 Ke6 41. Ke1 Kd5 42. Nb6+ Kc6 43. Nc4 f6 44. Kd2 Ne4+ 45. Ke2
Kd5 46. Nb6+ Ke6 47. Kf3 f5 48. Nc4 g6 49. Kxf4 Nxf2 50. Ne5 Ne4 51. g4 Nc3 52.
gxf5+ gxf5 53. Nd3 Ne4 54. Nb4 Nf6 55. Nd3 Nd5+ 56. Kg5 Ne7 57. Kh6 f4 58.
Nxf4+ Ke5 59. Ng2 Nf5+ 60. Kxh7 60... Nxh4 {
Game drawn because neither player has mating material} 1/2-1/2

[Event "ICS rated blitz match"]
[Site "204.178.125.65"]
[Date "1999.11.30"]
[Round "?"]
[White "Hossa"]
[Black "PostModernist"]
[Result "0-1"]
[WhiteElo "2462"]
[BlackElo "2495"]
[PlyCount "96"]
[EventDate "1999.??.??"]

1. e4 c5 2. Nf3 Nc6 3. d4 cxd4 4. Nxd4 g6 5. Nc3 Bg7 6. Be3 Nf6 7. Bc4 Qa5 8.
O-O O-O 9. h3 d6 10. Re1 Bd7 11. Nb3 Qd8 12. Qd2 Ne5 13. Bf1 Rc8 14. Bxa7 Bxh3
15. Qg5 Bd7 16. Bd4 Nc6 17. Be3 Ng4 18. Qh4 Nb4 19. Re2 Nxe3 20. fxe3 Bxc3 21.
bxc3 Rxc3 22. Rb1 Bb5 23. Rf2 Bxf1 24. Rbxf1 Rxc2 25. a3 Rxf2 26. Rxf2 Nd3 27.
Re2 Qb6 28. Nd2 Qc7 29. Nf1 Ra8 30. Ra2 Ra4 31. Qh6 Qc4 32. Rd2 Rxa3 33. Qh4 f6
34. Rd1 h5 35. Rb1 Nc5 36. Qf4 Qc2 37. Rb6 Ra2 38. Qf3 Ne6 39. Rxb7 Ng5 40. Qg3
h4 41. Rb8+ Kf7 42. Rc8 Qe2 43. Rc2 Rxc2 44. e5 hxg3 45. e6+ Nxe6 46. Nd2 Qxe3+
47. Kh1 Rc1+ 48. Nf1 48... Rxf1# {Hossa checkmated} 0-1

[Event "ICS rated blitz match"]
[Site "204.178.125.65"]
[Date "1999.11.30"]
[Round "?"]
[White "PostModernist"]
[Black "Hossa"]
[Result "1-0"]
[WhiteElo "2509"]
[BlackElo "2448"]
[PlyCount "119"]
[EventDate "1999.??.??"]

1. d4 Nf6 2. c4 c5 3. d5 b5 4. Nf3 bxc4 5. Nc3 Ba6 6. e4 d6 7. Bxc4 Bxc4 8.
Qa4+ Nbd7 9. Qxc4 g6 10. O-O Bg7 11. Bf4 Rb8 12. b3 Rb4 13. Qe2 O-O 14. Rac1
Qb6 15. Nd2 Qc7 16. Qf3 e5 17. dxe6 fxe6 18. Qh3 e5 19. Be3 Qc6 20. Qe6+ Rf7
21. Nc4 Bf8 22. Rfd1 Nxe4 23. Nd5 Qa8 24. f3 Rxc4 25. bxc4 Nef6 26. Nxf6+ Nxf6
27. Rb1 Nd7 28. a4 Qc6 29. a5 Qa4 30. Bd2 Bg7 31. Qe8+ Rf8 32. Qe7 Rf7 33. Qxd6
Qxc4 34. Kh1 Bf8 35. Qc6 Nf6 36. Bg5 Nh5 37. Rb8 Qe2 38. Qd5 Kg7 39. Rg1 Rf5
40. Rb7+ Kh8 41. Qd7 Bg7 42. Rb8+ Bf8 43. Be7 Qa6 44. Rxf8+ Rxf8 45. Bxf8 h6
46. Bxh6 Qc4 47. g4 Qb3 48. Qe8+ Kh7 49. Qe7+ Kh8 50. Qxe5+ Kh7 51. Qe7+ Kh8
52. Rf1 Qd3 53. Qf8+ Kh7 54. Re1 Qxf3+ 55. Qxf3 Kxh6 56. g5+ Kxg5 57. Re5+ Kh6
58. Qf8+ Kh7 59. Re7+ Ng7 60. Qxg7# {Hossa checkmated} 1-0

[Event "ICS rated blitz match"]
[Site "204.178.125.65"]
[Date "1999.11.30"]
[Round "?"]
[White "Hossa"]
[Black "PostModernist"]
[Result "0-1"]
[WhiteElo "2435"]
[BlackElo "2522"]
[PlyCount "206"]
[EventDate "1999.??.??"]

1. d4 Nf6 2. c4 e6 3. Nf3 b6 4. g3 Ba6 5. b3 Bb7 6. Bg2 Bb4+ 7. Bd2 a5 8. O-O
O-O 9. Qc2 h6 10. Nc3 Qe7 11. e3 Rd8 12. Bc1 Bxc3 13. Qxc3 d5 14. cxd5 Bxd5 15.
Bb2 Ne4 16. Qc2 Nc6 17. Rac1 Nb4 18. Qb1 Nd6 19. Bc3 Be4 20. Qa1 Nd5 21. Qb2
Nb5 22. Bd2 Qf6 23. Ne5 Bxg2 24. Kxg2 Nd6 25. f3 Rac8 26. Nc6 Nf5 27. Kf2 Rd6
28. e4 Rxc6 29. e5 Rxc1 30. exf6 Rxf1+ 31. Kxf1 Nxf6 32. g4 Nh4 33. Ke2 Nd5 34.
Qc2 g5 35. Qc6 Rd8 36. Qb7 Ng6 37. Kf2 Kg7 38. Bc1 Rh8 39. Kg3 Kh7 40. a4 Rf8
41. Kf2 Nh4 42. Qc6 Kh8 43. Qd7 Kg7 44. Ba3 Rb8 45. Be7 b5 46. axb5 Nxe7 47.
Qxe7 Rxb5 48. Qxc7 Rxb3 49. Qe5+ Kh7 50. Qe4+ Kg8 51. Qa8+ Kg7 52. Qxa5 Rxf3+
53. Ke2 Rf4 54. h3 Nf3 55. d5 exd5 56. Qxd5 Ng1+ 57. Ke3 Nxh3 58. Qe5+ Kh7 59.
Qb8 Nf2 60. Qb1+ Ne4 61. Qb7 Kg7 62. Qc7 Rxg4 63. Qd8 Nf6 64. Kf2 Re4 65. Qd2
Re5 66. Qd8 h5 67. Qc7 Rd5 68. Ke2 h4 69. Qh2 Rd4 70. Kf1 Rd1+ 71. Ke2 Rd5 72.
Kf1 Rc5 73. Qh3 Rb5 74. Kg2 Rb2+ 75. Kg1 Rb1+ 76. Kg2 Rb5 77. Kf1 Rc5 78. Ke2
Re5+ 79. Kd3 Rd5+ 80. Kc4 Kg6 81. Qh2 Kh6 82. Qf2 Kg7 83. Qh2 Rf5 84. Kd3 Rf4
85. Qe2 h3 86. Qe3 h2 87. Qe1 Ng4 88. Kc2 Rf1 89. Qa5 Rf2+ 90. Kd3 h1=Q 91.
Qxg5+ Kh7 92. Qe7 Rf3+ 93. Kd2 Qh6+ 94. Ke2 Rf2+ 95. Kd3 Qd2+ 96. Kc4 Qa2+ 97.
Kb4 Rb2+ 98. Kc3 Rc2+ 99. Kb4 Rc4+ 100. Kb5 Qa4+ 101. Kb6 Rc6+ 102. Kb7 Qa6+
103. Kb8 103... Rc8# {Hossa checkmated} 0-1

[Event "ICS rated blitz match"]
[Site "204.178.125.65"]
[Date "1999.11.30"]
[Round "?"]
[White "PostModernist"]
[Black "Hossa"]
[Result "1-0"]
[WhiteElo "2534"]
[BlackElo "2423"]
[PlyCount "93"]
[EventDate "1999.??.??"]

1. d4 d5 2. c4 e6 3. Nc3 Nf6 4. Bg5 Be7 5. Nf3 O-O 6. e3 Nbd7 7. Qc2 h6 8. Bh4
c5 9. O-O-O cxd4 10. Nxd4 Nb6 11. cxd5 exd5 12. Bd3 Bd7 13. e4 Rc8 14. e5 Ng4
15. Bg3 Re8 16. Ndb5 Bg5+ 17. Kb1 Nxe5 18. Bh7+ Kh8 19. Nxa7 Ba4 20. b3 Ra8 21.
Nxa4 Nxa4 22. Nb5 Nb6 23. Bf5 Ra5 24. Nd4 Bh4 25. Qc3 Bxg3 26. Qxa5 Bxf2 27.
Qd2 Bh4 28. g3 Bg5 29. Qc3 Qd6 30. h4 Be7 31. Rhe1 Qb8 32. Nb5 Nc6 33. Qe3 Qd8
34. h5 Kg8 35. Qe2 Nb4 36. Qf2 Na6 37. g4 Nb4 38. a3 Nc6 39. Bc2 Nb8 40. Qf5
Kf8 41. Qh7 f5 42. Bxf5 Qc7 43. Bg6 Qc2+ 44. Kxc2 Rc8+ 45. Kd3 Rc3+ 46. Nxc3
Bxa3 47. Qh8# {Hossa checkmated} 1-0

[Event "ICS rated blitz match"]
[Site "204.178.125.65"]
[Date "1999.11.30"]
[Round "?"]
[White "Delphi4"]
[Black "Hossa"]
[Result "0-1"]
[WhiteElo "2386"]
[BlackElo "2426"]
[PlyCount "44"]
[EventDate "1999.??.??"]

1. e4 c5 2. Nf3 d6 3. d4 cxd4 4. Qxd4 Nc6 5. Bb5 Bd7 6. Bxc6 Bxc6 7. Nc3 Nf6 8.
Bg5 e6 9. O-O-O Be7 10. Rhe1 O-O 11. e5 dxe5 12. Nxe5 Qc7 13. Qc4 Rad8 14. Nxc6
bxc6 15. g3 Rxd1+ 16. Rxd1 Rb8 17. Ne4 Rb4 18. Nxf6+ gxf6 19. Bf4 e5 20. Qe2
exf4 21. Qg4+ Kh8 22. Rd7 22... fxg3 {Delphi4 resigns} 0-1

[Event "ICS rated blitz match"]
[Site "204.178.125.65"]
[Date "1999.11.30"]
[Round "?"]
[White "Hossa"]
[Black "Zippy"]
[Result "0-1"]
[WhiteElo "2440"]
[BlackElo "2411"]
[PlyCount "124"]
[EventDate "1999.??.??"]

1. d4 Nf6 2. c4 g6 3. Nc3 d5 4. Nf3 Bg7 5. Bf4 O-O 6. Nxd5 Nxd5 7. cxd5 Qxd5 8.
Bxc7 Bg4 9. Be5 f6 10. Bf4 Rd8 11. Qc2 Bxf3 12. exf3 Kh8 13. Bc4 Qxd4 14. Be3
Qe5 15. O-O Nc6 16. Rfe1 Qa5 17. Be6 f5 18. Qb3 Nd4 19. Bxd4 Bxd4 20. Rad1 b6
21. f4 Rd6 22. Qc2 Rad8 23. Rc1 Bf6 24. Qc7 Qd2 25. Rb1 Qxf4 26. Qxa7 Bd4 27.
Qxe7 Qxf2+ 28. Kh1 Bxb2 29. Rf1 Qd4 30. Rbe1 Qf6 31. Qc7 Be5 32. Bb3 Rd5 33.
Qc4 Rd2 34. Qb5 Bd6 35. Qxb6 Qh4 36. Qg1 Bg3 37. Rd1 R8d4 38. Rxd2 Rxd2 39. Rc1
Be5 40. Rc8+ Kg7 41. a4 Kh6 42. Qe3+ Bf4 43. Qg1 Re2 44. Rc4 Re1 45. Rxf4 Rxg1+
46. Kxg1 Qxf4 47. Bg8 Kg7 48. Bxh7 Kxh7 49. a5 Qc1+ 50. Kf2 Qa3 51. g4 fxg4 52.
a6 Qxa6 53. Ke3 Qb6+ 54. Ke2 Qb2+ 55. Kd3 Qxh2 56. Kc3 g3 57. Kc4 Qe2+ 58. Kc5
g2 59. Kd6 Qe4 60. Kd7 g1=Q 61. Kc7 Qa7+ 62. Kc8 62... Qe8# {Hossa checkmated}
0-1

[Event "ICS rated blitz match"]
[Site "204.178.125.65"]
[Date "1999.11.30"]
[Round "?"]
[White "Hossa"]
[Black "WhiteCastles"]
[Result "0-1"]
[WhiteElo "2423"]
[BlackElo "2890"]
[PlyCount "132"]
[EventDate "1999.??.??"]

1. e4 c5 2. Nf3 d6 3. d4 cxd4 4. Nxd4 Nf6 5. Nc3 a6 6. Bc4 e6 7. Bg5 Be7 8. O-O
O-O 9. Re1 h6 10. Bc1 Nc6 11. Be3 Ne5 12. Bb3 Bd7 13. Qe2 Rc8 14. Rad1 b5 15.
f3 b4 16. Nb1 a5 17. a3 a4 18. Ba2 bxa3 19. Nxa3 Qc7 20. Nab5 Qb8 21. Rb1 Bd8
22. Nc3 Ba5 23. Red1 Bxc3 24. bxc3 Qc7 25. Bd2 Qc5 26. Rb4 Rb8 27. Rdb1 Rxb4
28. Rxb4 Nc6 29. Rxa4 Na5 30. Rxa5 Qxa5 31. Bc4 Rb8 32. Nb3 Qa2 33. Qd3 Qb1+
34. Kf2 Ne8 35. Be3 Ba4 36. Qd2 Rc8 37. Qd3 Ra8 38. Kg3 Rb8 39. Qe2 Nf6 40. Ba7
Ra8 41. Bd4 Bxb3 42. Bxb3 Nh5+ 43. Kg4 Qh1 44. f4 Qxh2 45. Qf2 Ra5 46. e5 dxe5
47. Bxe5 f5+ 48. Kf3 Rxe5 49. fxe5 Qf4+ 50. Ke2 Ng3+ 51. Qxg3 Qxg3 52. Bxe6+
Kf8 53. Kf1 Qf4+ 54. Kg1 Qe3+ 55. Kf1 Qc1+ 56. Ke2 Qxc2+ 57. Kf1 Qd1+ 58. Kf2
Qd2+ 59. Kf3 Qxc3+ 60. Kf4 Qd3 61. Bxf5 g5+ 62. Kg4 Qc4+ 63. Kh5 Kg7 64. Be4
Qxe4 65. g3 Qf3+ 66. g4 66... Qh1# {Hossa checkmated} 0-1

[Event "ICS rated blitz match"]
[Site "204.178.125.65"]
[Date "1999.11.30"]
[Round "?"]
[White "Zippy"]
[Black "Hossa"]
[Result "1/2-1/2"]
[WhiteElo "2428"]
[BlackElo "2421"]
[PlyCount "228"]
[EventDate "1999.??.??"]

1. e4 c5 2. Nf3 d6 3. d4 cxd4 4. Nxd4 Nf6 5. Nc3 g6 6. Bg5 Bg7 7. Bc4 Qa5 8.
Bb5+ Nbd7 9. Nb3 Qd8 10. O-O a6 11. Be2 b5 12. f3 Bb7 13. Nd4 b4 14. Nb1 O-O
15. Qd2 Qb6 16. Be3 Nc5 17. a3 a5 18. Nb5 bxa3 19. N1xa3 Rfc8 20. Nc3 Ba6 21.
Nab5 Rab8 22. Rad1 Nfd7 23. Nd5 Qd8 24. Na7 Rc7 25. Nxc7 Qxc7 26. Bxa6 Qxa7 27.
Bc4 Bxb2 28. c3 Ne5 29. Be2 Qc7 30. Rb1 Na4 31. Bd4 Nc6 32. Kh1 e5 33. Bf2 Qb7
34. Qxd6 Nxc3 35. Rxb2 Qxb2 36. Ba6 Nd4 37. Qxe5 Ne6 38. Qxa5 Ne2 39. Bc4 N2f4
40. Qa4 Rc8 41. Qa6 Rd8 42. Qc6 Qc3 43. Rg1 Qc2 44. Be1 Nd3 45. Bg3 Nb2 46. Bd5
Qxc6 47. Bxc6 Rd2 48. Rb1 Nd4 49. Bd5 Nd3 50. h3 Ne2 51. Bd6 Ndf4 52. Rb8+ Kg7
53. Rb2 Ng3+ 54. Kh2 Rxb2 55. Be5+ f6 56. Bxb2 Nf1+ 57. Kg1 Ne3 58. Bc6 Nexg2
59. Kh2 Kf7 60. Kg3 g5 61. Bb5 Ne1 62. h4 Nfd3 63. Bc4+ Kg7 64. Bxd3 Nxd3 65.
Bd4 gxh4+ 66. Kxh4 Kg6 67. Bc3 h5 68. Ba5 Nc5 69. Bd2 Ne6 70. Kg3 Nd4 71. Be3
Nc2 72. Bc5 Ne1 73. f4 Kg7 74. Be3 Nc2 75. Bb6 Ne1 76. Bf2 Nd3 77. Be3 Kf7 78.
Kh4 f5 79. e5 Ke6 80. Kxh5 Nxe5 81. Bd4 Nf3 82. Bc3 Kd5 83. Bb4 Ke4 84. Bd6 Nd4
85. Kh4 Ne2 86. Kg5 Ng1 87. Kh4 Kd5 88. Bb4 Ne2 89. Kg5 Ke6 90. Bd2 Ng3 91. Ba5
Ne4+ 92. Kh4 Kf6 93. Bd8+ Kg6 94. Bb6 Kh7 95. Kh5 Kg7 96. Bd4+ Kf7 97. Be5 Nd2
98. Kg5 Ke6 99. Kg6 Ne4 100. Bd4 Kd5 101. Bb6 Ke6 102. Ba7 Nd2 103. Bd4 Kd5
104. Bc3 Ne4 105. Bg7 Ke6 106. Be5 Nf2 107. Bd4 Ne4 108. Bb6 Nd2 109. Bc5 Nf3
110. Be3 Nh4+ 111. Kg5 Nf3+ 112. Kg6 Nh4+ 113. Kg5 Nf3+ 114. Kg6 114... Nh4+ {
Game drawn by repetition} 1/2-1/2

[Event "ICS rated blitz match"]
[Site "204.178.125.65"]
[Date "1999.11.30"]
[Round "?"]
[White "Hossa"]
[Black "MissSilicon"]
[Result "0-1"]
[WhiteElo "2421"]
[BlackElo "2717"]
[PlyCount "90"]
[EventDate "1999.??.??"]

1. e4 e6 2. d4 d5 3. Nc3 Bb4 4. Bd3 dxe4 5. Bxe4 Nf6 6. Bd3 O-O 7. Nge2 Nc6 8.
O-O e5 9. a3 Bxc3 10. bxc3 Re8 11. Rb1 Qd6 12. Bb5 a6 13. Bd3 b5 14. dxe5 Nxe5
15. Nf4 Qc6 16. Qd2 Bb7 17. f3 Rad8 18. Re1 Qc5+ 19. Kf1 Nd5 20. Nxd5 Bxd5 21.
Re2 Ba2 22. Ra1 Bc4 23. a4 Nxd3 24. Rxe8+ Rxe8 25. cxd3 Rd8 26. Ba3 Qc6 27. Kg1
Rxd3 28. Qe1 bxa4 29. Qe7 h6 30. Rb1 Rxf3 31. Rb8+ Kh7 32. gxf3 Qxf3 33. Rb1
Qg4+ 34. Kf2 Qf5+ 35. Ke3 Qd3+ 36. Kf2 Qc2+ 37. Ke3 Qe2+ 38. Kf4 Qf2+ 39. Ke4
f5+ 40. Ke5 Qe3+ 41. Kxf5 Bd3+ 42. Kg4 h5+ 43. Kxh5 Be2+ 44. Kh4 Qf4+ 45. Kh3
45... Qg4# {Hossa checkmated} 0-1

[Event "ICS rated blitz match"]
[Site "204.178.125.65"]
[Date "1999.11.30"]
[Round "?"]
[White "Hossa"]
[Black "Nu"]
[Result "0-1"]
[WhiteElo "2416"]
[BlackElo "2312"]
[PlyCount "116"]
[EventDate "1999.??.??"]

1. e4 c5 2. Nf3 e6 3. Nc3 a6 4. d4 cxd4 5. Nxd4 Qc7 6. a3 Bd6 7. Nf3 Bc5 8. Bd3
Nf6 9. O-O Nc6 10. Be3 Bxe3 11. fxe3 d6 12. Bc4 O-O 13. Bb3 b5 14. Qd3 Bb7 15.
Rad1 Rad8 16. Kh1 Ng4 17. Qe2 Na5 18. Ng5 Ne5 19. Ba2 Nac4 20. Bxc4 Nxc4 21.
Rb1 h6 22. Nf3 Nxa3 23. Ra1 Nc4 24. Nd1 Qc5 25. Nd4 Rc8 26. b3 Ne5 27. Qh5 Bxe4
28. Rxa6 b4 29. Ra2 Ra8 30. Rxa8 Rxa8 31. Nf2 Bxc2 32. Qh4 Qc3 33. Nxc2 Qxc2
34. Qd4 Qxb3 35. Rc1 Ra2 36. Nh3 Qb2 37. Qxb2 Rxb2 38. e4 Re2 39. Rc8+ Kh7 40.
Ng1 Rxe4 41. Rb8 Kg6 42. g3 d5 43. h4 Rc4 44. Ne2 Kf5 45. Rb7 d4 46. Ng1 d3 47.
Nh3 Rc1+ 48. Kg2 Rc2+ 49. Nf2 Ng4 50. Kg1 Nxf2 51. Rxf7+ Kg4 52. Rxf2 Kxg3 53.
Rf1 d2 54. Rd1 Rc1 55. Kf1 Kf3 56. Kg1 Rxd1+ 57. Kh2 h5 58. Kh3 58... Rh1# {
Hossa checkmated} 0-1

[Event "ICS rated blitz match"]
[Site "204.178.125.65"]
[Date "1999.11.30"]
[Round "?"]
[White "Isfen"]
[Black "Hossa"]
[Result "0-1"]
[WhiteElo "2235"]
[BlackElo "2401"]
[PlyCount "36"]
[EventDate "1999.??.??"]

1. Nf3 c5 2. g3 d5 3. Bg2 Nc6 4. O-O Nf6 5. d3 e5 6. c3 Bf5 7. Nbd2 Qc8 8. Re1
Bh3 9. Bh1 Qg4 10. e4 O-O-O 11. Qa4 dxe4 12. dxe4 Bd6 13. Nc4 h6 14. Nxd6+ Rxd6
15. Qb5 Nxe4 16. Nxe5 Nxe5 17. Bxe4 Qxe4 18. Qxc5+ 18... Nc6 {Isfen resigns}
0-1

[Event "ICS rated standard match"]
[Site "204.178.125.65"]
[Date "1999.11.30"]
[Round "?"]
[White "Nicy"]
[Black "Hossa"]
[Result "0-1"]
[WhiteElo "2110"]
[BlackElo "2190"]
[PlyCount "64"]
[EventDate "1999.??.??"]

1. d4 Nf6 2. Bg5 e6 3. e3 c5 4. Nf3 Qb6 5. Qc1 Nc6 6. c3 d5 7. Bxf6 gxf6 8. g3
e5 9. dxc5 Bxc5 10. Bg2 Be6 11. O-O h5 12. Nbd2 O-O-O 13. Nb3 Bf8 14. Rd1 Bh6
15. Qc2 h4 16. Nxh4 Kb8 17. Rd2 Ne7 18. Rad1 Rdg8 19. Nc1 Qa6 20. Qd3 Qa4 21.
Qc2 Qg4 22. Ne2 Bf8 23. Nf3 Bf5 24. Qb3 Be4 25. Ne1 Bxg2 26. Nxg2 Qh3 27. Rxd5
Nxd5 28. Rxd5 Qxh2+ 29. Kf1 Qh1+ 30. Ng1 Rh2 31. Rd8+ Kc7 32. Qd5 32... Qxg2+ {
Nicy resigns} 0-1